Atlas sveta

Saved in:
Bibliographic Details
Format: Book
Language:Slovak
Published: Bratislava Slovenská kartografia 1983
Edition:12. aktual. vyd.
Tags: Add Tag
No Tags, Be the first to tag this record!

MARC

LEADER 00000nam a2200000 4500
001 c115995
005 20221128072532.9
041 0 |a slo 
044 |a SK 
245 1 0 |a Atlas sveta 
250 |a 12. aktual. vyd. 
264 1 |a Bratislava  |b Slovenská kartografia  |c 1983 
300 |a 94 s.